Antarktída svetadiel zázrakov

Bibliographic Details
Main Author: Cuesta Hernando, Mario, 1980- (Author)
Other Authors: Martín, Raquel (Martín Peinado) (Illustrator), Kalousová, Jana, 1981- (Translator), Koleková, Mirka (Translator)
Format: Book
Language:Slovak
Spanish
PhysicalDescription:41 strán ilustrácie 31 cm
Published: V Bratislave Lingea s.r.o. 2023
ISBN:9788081453373
Edition:1. vydanie
Subjects:

MARC

LEADER 00000cam a2200000 4500
001 vtls012230119
003 SK-MaSNL
005 20260301121944.0
008 230522s2023 xo a j 000 0 slo
015 |a SNBA2025/08 
020 |a 9788081453373  |q (viazané) 
040 |a SNK  |b slo  |c SNK  |e rda 
041 1 |a slo  |h spa 
043 |a -t-ay--  |a q------ 
044 |a xo  |c SK 
072 7 |a 551  |x Geológia. Meteorológia. Klimatológia  |2 konspekt 
072 7 |a 0/9-053.2  |x Literatúra pre deti a mládež (náučná)  |2 konspekt 
080 |a 591.9  |2 2011 
080 |a 502.6  |2 2011 
080 |a 001.891(211)  |2 2011 
080 |a 551.583  |2 2011 
080 |a 504  |2 2011 
080 |a (292.3)  |2 2011 
080 |a (211)  |2 2011 
080 |a (0.062)  |2 2011 
080 |a (0.025.2)  |2 2011 
080 |a (0.053.2)  |2 2011 
100 1 |a Cuesta Hernando, Mario,  |d 1980-  |4 aut  |9 466807 
240 1 0 |a Antártida. El continente de los prodigios  |l Slovensky 
245 1 0 |a Antarktída  |b svetadiel zázrakov  |c Mario Cuesta Hernando, Raquel Martín ; preklad: Jana Kalousová, Mirka Koleková 
246 3 0 |a Svetadiel zázrakov 
250 |a 1. vydanie 
264 1 |a V Bratislave  |b Lingea s.r.o.  |c 2023 
300 |a 41 strán  |b ilustrácie  |c 31 cm 
336 |a text  |b txt  |2 rdacontent 
336 |a statický obraz  |b sti  |2 rdacontent 
337 |a bez média  |b n  |2 rdamedia 
338 |a zväzok  |b nc  |2 rdacarrier 
500 |a Preložené zo španielčiny 
500 |a Obsahuje terminologický slovník 
650 0 7 |a ľadovce  |2 SNKPH  |9 28983 
650 0 7 |a fauna  |2 SNKPH  |9 3748 
650 0 7 |a ohrozenie životného prostredia  |2 SNKPH  |9 4153 
650 0 7 |a klimatické zmeny  |2 SNKPH  |9 3351 
650 0 7 |a polárny výskum  |2 SNKPH  |9 135663 
650 0 7 |a Animals  |2 SNKPHeng  |9 267568 
650 0 7 |a Glaciers  |2 SNKPHeng  |9 339017 
650 0 7 |a Polar research  |2 SNKPHeng  |9 466808 
650 0 7 |a Climatic changes  |2 SNKPHeng  |9 132060 
651 7 |a polárne oblasti  |2 SNKPHgeo  |9 162447 
651 7 |a Antarctica  |2 SNKPHeng  |9 290223 
651 7 |a Polar regions  |2 SNKPHeng  |9 363633 
651 7 |a Antarktída  |2 SNKPHgeo  |9 16353 
655 7 |a populárno-náučné publikácie  |2 SNKPH  |9 70460 
655 7 |a ilustrované publikácie  |2 SNKPH  |9 109406 
655 7 |a publikácie pre deti  |2 SNKPH  |9 70148 
655 7 |a Popular works  |2 SNKPHeng  |9 90287 
655 7 |a Illustrated publications  |2 SNKPHeng  |9 289635 
655 7 |a Publications for children  |2 SNKPHeng  |9 276792 
700 1 |a Martín, Raquel  |q (Martín Peinado)  |4 ill  |9 231176 
700 1 |a Kalousová, Jana,  |d 1981-  |4 trl  |9 236730 
700 1 |a Koleková, Mirka  |4 trl  |9 228253 
752 |a Slovensko  |d Bratislava 
852 |a Slovenská národná knižnica 
919 |a 978-80-8145-337-3 
954 |a odborná, vedecká literatúra cudzojazyčná (svetová)  |2 lita 
954 |a ilustrované knihy, leporelá, komiksy cudzojazyčné (svetové)  |2 lita 
958 |a OP 
968 |b ESP 
999 |c 731139  |d 733069 
952 |a SNK  |b SNK  |y PREZ  |7 0  |p 17A1576210  |o snkSB 101835  |i snk2025/11495  |8 0  |0 0  |1 0  |4 0  |d 2025-07-16  |l 0  |r 2026-02-23 22:28:56  |w 2026-02-23